Marvel & DC Movies - Sudden Death - Statistics

General Stats
  • This quiz has been taken 403 times
  • The average score is 25 of 36
Answers on the Grid
Answers color-coded by a green-red scale on the quiz's grid according to % correct below.
A History of Violence
Abraham Lincoln: Vampire Hunter
Argylle
Batman
Beetlejuice
Big Hero 6
Black Panther
Blade
Blue Beetle
Catwoman
Constantine
Daredevil
Darkman
Deadpool
Doctor Strange
Fantastic Four
Galaxy Quest
Garfield
Ghost Rider
Godzilla
Green Lantern
Hancock
Howard the Duck
Hulk
Iron Man
Jonah Hex
Kingsman: The Secret Service
Logan
Masters of the Universe
Megamind
Men in Black
Mystery Men
RED
Robin Hood
RoboCop
Spider-Man
Stardust
Starship Troopers
Suicide Squad
Superman
Swamp Thing
The Addams Family
The Adventures of Tintin
The Avengers
The Crow
The Flash
The Incredibles
The Losers
The Matrix
The Shadow
Thor
V for Vendetta
Watchmen
Wonder Woman
X-Men
 
Answer Stats
Answer % Correct
Batman
98%
Black Panther
97%
Deadpool
96%
Fantastic Four
96%
Iron Man
96%
Daredevil
95%
Doctor Strange
95%
Hulk
95%
Spider-Man
95%
Thor
95%
Catwoman
94%
Green Lantern
94%
Superman
94%
The Avengers
93%
The Flash
93%
X-Men
93%
Wonder Woman
92%
Blade
90%
Suicide Squad
89%
Ghost Rider
86%
Logan
83%
Blue Beetle
76%
Howard the Duck
62%
Swamp Thing
61%
Watchmen
57%
Constantine
56%
Big Hero 6
40%
Jonah Hex
39%
V for Vendetta
34%
RED
22%
Men in Black
21%
Stardust
21%
Argylle
20%
The Losers
17%
A History of Violence
15%
Kingsman: The Secret Service
15%
No matching quizzes found
Score Distribution
Percent of People with Each Score
Percentile by Number Answered
Your Score History
You have not taken this quiz